Online
Catalog

El evolucionismo / (Record no. 20585)

MARC details
000 -CABECERA
campo de control de longitud fija 00994nam a2200277 a 4500
001 - NÚMERO DE CONTROL
campo de control 000021083
005 - FECHA Y HORA DE LA ÚLTIMA TRANSACCIÓN
campo de control 20200930011230.0
008 - DATOS DE LONGITUD FIJA--INFORMACIÓN GENERAL
campo de control de longitud fija 100830s1973 sp r 000 e spa d
020 ## - NÚMERO INTERNACIONAL ESTÁNDAR DEL LIBRO
ISBN cancelado o inválido 8472222466
040 ## - FUENTE DE LA CATALOGACIÓN
Centro catalogador/agencia de origen DO-SdBNP
Lengua de catalogación spa
Centro/agencia transcriptor BNPHU
082 ## - NÚMERO DE LA CLASIFICACIÓN DECIMAL DEWEY
Número de clasificación 146.7
Número de documento/Ítem F246e
049 ## - FONDOS LOCALES (OCLC)
Fondos de biblioteca BNGR
100 1# - ENTRADA PRINCIPAL--NOMBRE DE PERSONA
Nombre de persona Farrington, Benjamín
Fechas asociadas al nombre 1891-1974
9 (RLIN) 44087
240 10 - TÍTULO UNIFORME
Título uniforme What Darwin really said
Lenguaje de la obra Español
245 13 - MENCIÓN DE TÍTULO
Título El evolucionismo /
Mención de responsabilidad, etc. Benjamín Farrington; traducción de Pilar Silver.
260 ## - PUBLICACIÓN, DISTRIBUCIÓN, ETC.
Lugar de publicación, distribución, etc. Barcelona, (España) :
Nombre del editor, distribuidor, etc. Editorial LAIA,
Fecha de publicación, distribución, etc. 1973.
300 ## - DESCRIPCIÓN FÍSICA
Extensión 120 p. ;
Dimensiones 18 cm.
490 1# - MENCIÓN DE SERIE
Mención de serie Ediciones de bolsillo
490 1# - MENCIÓN DE SERIE
Mención de serie Ciencias de la naturaleza
Designación de volumen o secuencia 303
534 ## - NOTA SOBRE LA VERSIÓN ORIGINAL
Encabezamiento principal del original Título original :
Mención de título del original What Darwin really said
600 14 - PUNTO DE ACCESO ADICIONAL DE MATERIA--NOMBRE DE PERSONA
Nombre de persona DARWIN, CHARLES ROBERT,
Fechas asociadas al nombre 1809-1882
Subdivisión general CRÍTICA E INTERPRETACIÓN
9 (RLIN) 44088
650 #4 - PUNTO DE ACCESO ADICIONAL DE MATERIA--TÉRMINO DE MATERIA
Término de materia o nombre geográfico como elemento de entrada Evolución
Subdivisión general Teoría
9 (RLIN) 44089
650 #4 - PUNTO DE ACCESO ADICIONAL DE MATERIA--TÉRMINO DE MATERIA
Término de materia o nombre geográfico como elemento de entrada Evolución
Subdivisión general Filosofía
9 (RLIN) 44090
700 1# - PUNTO DE ACCESO ADICIONAL--NOMBRE DE PERSONA
Nombre de persona Silver, Pilar
Término indicativo de función/relación tr.
9 (RLIN) 44091
830 #0 - PUNTO DE ACCESO ADICIONAL DE SERIE-TÍTULO UNIFORME
Título uniforme Ediciones de bolsillo
Nombre de parte o sección de la obra Ciencias naturales
Designación de volumen o secuencia 303
9 (RLIN) 44092
Holdings
Estado de retiro Estado de pérdida Restricciones de uso No para préstamo Código de colección Localización permanente Ubicación/localización actual Ubicación en estantería Fecha de adquisición Número de inventario Total de préstamos Signatura topográfica completa Código de barras Fecha visto por última vez Precio válido a partir de Tipo de ítem Koha
        Monografías: Libros y Folletos General General En catalogación 30.08.2010 LF1   146.7 F246e 21083-10 25.06.2020 25.06.2020 Préstamo en sala

Powered by Koha